Statistiques concernant Les villes les plus peuplées d'Hérault

Cliquez ici pour prendre le quiz!

Statistiques générales

  • Ce quiz a été pris 268 fois
  • Le résultat moyen est 11 sur 20

Statistiques - réponses

PopulatioinVille% Correct
225 511Montpellier
100%
69 359Béziers
96%
39 579Sète
90%
20 066Agde
82%
19 130Frontignan
65%
22 346Lunel
63%
6 905Lodève
62%
13 760Lattes
51%
14 208Castelnau-le-Lez
50%
6 466La Grande-Motte
48%
7 464Pézenas
47%
14 846Mauguio
46%
8 041Saint-Jean-de-Védas
44%
6 531Clermont-l'Hérault
43%
7 636Mèze
40%
6 198Marseillan
39%
7 738Pérols
31%
6 799Le Crès
25%
7 341Villeneuve-lès-Maguelone
21%
7 629Saint-Gély-du-Fesc
15%

Distribution des résultats

Percentile par nombre de réponses

% des personnes avec chaque résultat

Votre développement - résultats

Vous n’avez pas pris ce quiz